000
00433nam a2200157Ia 4500
008
090124s9999 xx 000 0 und d
082
_b
19540
245
_a
पैं ज ण
250
_a
1
260
_b
"चित्रशाळा प्रकाशन, पुणें 2."
_c
1954
300
_a
238
630
_a
पैं ज ण
700
_a
अदवंत म. ना.
730
_a
पैं ज ण
942
_c
BOOK
999
_c
90642
_d
90642